Геологическая разведка Арктики: монография

Bibliographic Details
Main Author: Серебряков А. О. Андрей Олегович
Summary:Исследовано современное состояние разведки и добычи нефти и газа в Арктических морях. Рассмотрены основные теоретические и практические задачи поисков и эксплуатации месторождений. Изложены литолого-стратиграфические, тектонические, геохимические, гляциологические, гидрогеологические условия разведки и разработки месторождений Арктики. Обоснованы направления и масштабы геологических и геофизических исследований Арктических морей для постановки разведочного и эксплуатационного бурения. Предложены геологические технологии бурения морских скважин и обустройства арктических месторождений нефти и газа. Выполнен экологический анализ влияния нефтегазодобывающей промышленности на окружающую среду Арктики. Приведены технологии исследований морских продуктивных пород для уточнения строения и запасов месторождений Арктики. Для специалистов ТЭК в области океанологии, разведки и эксплуатации месторождений нефти и газа Арктических регионов, для обоснования направлений и объемов инвестиций, проектирования морских промышленных объектов, оценки экономической и экологической эффективности освоения месторождений Арктики. Представляет интерес для преподавателей, студентов и аспирантов.
Language:Russian
Published: Москва, Инфра-Инженерия, 2022
Subjects:
Format: MixedMaterials Book
KOHA link:https://koha.lib.tpu.ru/cgi-bin/koha/opac-detail.pl?biblionumber=348260

MARC

LEADER 00000nam0a2200000 4500
001 348260
005 20231102010105.0
010 |a 9785972909780 
035 |a (RuTPU)RU\TPU\book\380223 
090 |a 348260 
100 |a 20221123d2022 k y0rusy50 ca 
101 0 |a rus 
102 |a RU 
105 |a a z 001zy 
200 1 |a Геологическая разведка Арктики  |e монография  |f А. О. Серебряков 
210 |a Москва  |a Вологда  |c Инфра-Инженерия  |d 2022 
215 |a 265 с.  |c ил. 
320 |a Библиогр.: с. 262-265 
330 |a Исследовано современное состояние разведки и добычи нефти и газа в Арктических морях. Рассмотрены основные теоретические и практические задачи поисков и эксплуатации месторождений. Изложены литолого-стратиграфические, тектонические, геохимические, гляциологические, гидрогеологические условия разведки и разработки месторождений Арктики. Обоснованы направления и масштабы геологических и геофизических исследований Арктических морей для постановки разведочного и эксплуатационного бурения. Предложены геологические технологии бурения морских скважин и обустройства арктических месторождений нефти и газа. Выполнен экологический анализ влияния нефтегазодобывающей промышленности на окружающую среду Арктики. Приведены технологии исследований морских продуктивных пород для уточнения строения и запасов месторождений Арктики. Для специалистов ТЭК в области океанологии, разведки и эксплуатации месторождений нефти и газа Арктических регионов, для обоснования направлений и объемов инвестиций, проектирования морских промышленных объектов, оценки экономической и экологической эффективности освоения месторождений Арктики. Представляет интерес для преподавателей, студентов и аспирантов. 
606 1 |a Нефтегазовые месторождения, морские  |x (геология)  |2 stltpush  |3 (RuTPU)RU\TPU\subj\79661  |9 87936 
606 1 |a Нефтегазовые месторождения морские  |x Эксплуатация  |2 stltpush  |3 (RuTPU)RU\TPU\subj\45567  |9 64761 
610 1 |a геологическая разведка 
610 1 |a арктический шельф 
610 1 |a арктические моря 
610 1 |a углеводороды 
610 1 |a нефть 
610 1 |a природный газ 
610 1 |a геологическое строение 
610 1 |a месторождения полезных ископаемых 
610 1 |a разведочное бурение 
610 1 |a эксплуатационное бурение 
610 1 |a фильтрационно-емкостные свойства 
610 1 |a морские месторождения 
610 1 |a нефтегазоносность 
610 1 |a геологоразведочные работы 
610 1 |a монографии 
675 |a 553.98(26)  |v 4 
675 |a 622.276.04  |v 4 
700 1 |a Серебряков  |b А. О.  |g Андрей Олегович 
801 1 |a RU  |b 63413507  |c 20221123 
801 2 |a RU  |b 63413507  |c 20230217  |g RCR 
942 |c BK 
959 |a 24/20221123  |d 1  |e 1620,00  |f ЧЗТЛ:1